A History of Ukraine (Запис № 279725)

МАРК-запис
000 -Лідер
fixed length control field 01415nam a22002537a 4500
001 - Контрольний номер
control field 216222283
003 - Ідентифікатор контрольного номера
control field UA-OsUOA
005 - Дата та час останнього входження (трансакції)
control field 20220510102205.0
008 - Елементи даних фіксованої довжини – загальна інформація
fixed length control field 220507b -cnb|||g |||| 00| | eng d
020 ## - Міжнародний стандартний книжковий номер (ISBN)
Міжнародний стандартний книжковий номер (ISBN) (НП) 9780802008305
040 ## - Джерело каталогізації
Агенція оригінальної каталогізації UA-OsUOA
Мова каталогізації ukr
Агенція, яка здійснювала перезапис UA-OsUOA
Агенція, яка здійснювала модифікацію UA-OsUOA
041 ## - Код мови
Код мови тексту/ звукової доріжки чи окремого заголовка (П) eng
080 ## - Індекс Універсальної десяткової класифікації
Індекс Універсальної десяткової класифікації (УДК) (НП) 94(477)
090 ## - Локальний шифр розміщення
Класифікаційний індекс УДК 94(477)
Авторський знак (НП) M17
100 ## - Основне введення – ім’я особи
Ім’я особи (НП) Magocsi P. R.
245 ## - Відомості про назву
Назва (НП) A History of Ukraine
Дані про відповідальність (НП) Paul Robert Magocsi
260 ## - Публікація, розповсюдження і т.п. (Вихідні дані)
Місце публікації, розповсюдження і т.п. (П) Toronto
-- Buffalo
-- London
Ім’я/ наймення видавництва, розповсюджувача і т.п. (П) University of Toronto Press
Дата публікації, розповсюдження і т.п. (П) 1996
300 ## - Фізичний опис
Обсяг 810 p.
520 ## - Резюме і т.п.
Резюме, реферат, анотація, тощо (НП) Although the new state of Ukraine came into being as one of many formed in the wake of the Revolution of 1989, it is hardly a new country. Paul Robert Magocsi tells its story from the first millennium before the common era to the declaration of Ukrainian independence in 1991, with a balanced discussion of political, economic, and cultural affairs. Tracing in detail the experiences of the Ukrainian people, he gives judicious treatment as well to the other peoples and cultures that developed within the borders of Ukraine, including the Greeks of the Bosporan Kingdom, the Crimean Tatars, and the Poles, Russians, Germans, Jews, and Mennonites all of whom form an essential part of Ukrainian history.
650 ## - Додаткове предметне введення – тематичний термін
Тематичний термін чи географічна назва, як елемент введення (НП) 94(477) Історія України
Джерело заголовка чи терміна UDC
942 ## - Додаткові елементи входу (Коха)
Source of classification or shelving scheme Universal Decimal Classification
Тип елемента Koha Книги
955 ## - Код типу видання за змістом
Код типу видання за змістом (НП) Наукові видання
Фонди
Стан вилучень Стан втрат Джерело класифікації або схеми стелажів Стан уражень Не для кредиту Постійне місце розташування Поточне розміщення Дата придбання Джерело придбання Вартість, звичайна ціна покупки Повний номер виклику Штрих-код Дата останнього перегляду Вартість, ціна заміни Ціна ефективна від Тип елемента Koha
    Universal Decimal Classification     ВІЛ - Відділ іноземн. літератури НБ ВІЛ - Відділ іноземн. літератури НБ 08/08/2005 Акт № 5\05 5.00 94(477) M17 204347 29/01/2019 5.00 26/12/2005 Книги
    Universal Decimal Classification     ВІЛ - Відділ іноземн. літератури НБ ВІЛ - Відділ іноземн. літератури НБ 08/08/2005 Акт № 5\05 5.00 94(477) M17 204348 17/11/2021 5.00 26/12/2005 Книги